| 000 -LEADER |
| fixed length control field |
00728pam a2200241 a 4500 |
| 001 - CONTROL NUMBER |
| control field |
4851076 |
| 005 - DATE AND TIME OF LATEST TRANSACTION |
| control field |
20171227033406.0 |
| 008 - FIXED-LENGTH DATA ELEMENTS--GENERAL INFORMATION |
| fixed length control field |
910425s1992 nyua b 001 0 eng |
| 010 ## - LIBRARY OF CONGRESS CONTROL NUMBER |
| LC control number |
91016042 |
| 020 ## - INTERNATIONAL STANDARD BOOK NUMBER |
| International Standard Book Number |
0673388735 |
| 040 ## - CATALOGING SOURCE |
| Original cataloging agency |
DLC |
| Transcribing agency |
DLC |
| Modifying agency |
DLC |
| 041 ## - LANGUAGE CODE |
| Language code of text/sound track or separate title |
eng |
| 080 ## - UNIVERSAL DECIMAL CLASSIFICATION NUMBER |
| Universal Decimal Classification number |
822.33 WIL |
| 082 00 - DEWEY DECIMAL CLASSIFICATION NUMBER |
| Classification number |
822.33 WIL |
| Edition number |
20 |
| 100 1# - Rafti |
| Rafti |
21 |
| 101 ## - Shkurtesa |
| Shkurtesa |
GJU |
| 240 10 - UNIFORM TITLE |
| Uniform title |
<a href="Works.">Works.</a> |
| Date of a work |
1991 |
| 245 14 - TITLE STATEMENT |
| Title |
The complete works of Shakespeare / |
| Statement of responsibility, etc |
edited by David Bevington. |
| 504 ## - BIBLIOGRAPHY, ETC. NOTE |
| Bibliography, etc |
Includes bibliographical references and index. |
| 906 ## - LOCAL DATA ELEMENT F, LDF (RLIN) |
| a |
7 |
| b |
cbc |
| c |
orignew |
| d |
1 |
| e |
ocip |
| f |
19 |
| g |
y-gencatlg |
| 942 ## - ADDED ENTRY ELEMENTS (KOHA) |
| Source of classification or shelving scheme |
|
| Item type |
Books |